00610nam a2200205Ia 450000500170000000800460001703700110006304000080007404000080008204000080009004100080009804100080010608400080011410000520012224501320017426000090030630000100031565000120032570000670033720260430150014.0008 250103s9999 xx 000 0 eng d aTheses aCRL beng ceng 2eng aeng qCRL aDevi Pukhrambam Pushpa Au.; Raman Rajagopal Gu. 0aCloning the genome of groundnut bud necrosis virus (GBNV) and attempting to generate infectious virus in vitro from cDNA clones c2022 a117p. aZoology aUniversity of Delhi. Faculty of Science. Department of Zoology